000 00845nam a2200277 4500
001 36952
010 _a9789899892156
021 _aPT
_b392017/15
090 _a36952
100 _a20150924d2015 em y0pory50030103ba
101 0 _apor
102 _aPT
200 1 _aA inocência das facas
_fJosé Saramago... [et al.]
_gil. David Pintor [et al.]
205 _a1.ª ed
210 9 _aPorto
_cTcharan
_d2015
215 _a[66] p.
_cil.
_d34 p.
675 _a087.5
_vBN
_zpor
675 _a821.134.3-93"19/20"
_vBN
_zpor
675 _a821.134.3-34"19/20"
_vBN
_zpor
675 _a821.134.3-1"19/20"
_vBN
_zpor
701 1 _aSaramago
_bJosé
_f1922-2010
_4070
702 1 _aPintor
_bDavid
_f1975-
_4440
801 0 _aPT
_bBN
_gRPC
856 4 1 _uhttp://rnod.bnportugal.gov.pt/ImagesBN/winlibimg.aspx?skey=&doc=1910784&img=65842&save=true
990 _cLIVROS
994 _aCOMP